Informe de Práctica Supervisada realizado en las Oficinas Centrales de la Mutual Cartago de Ahorro y Préstamo (Registro nro. 6670)
[ vista simple ]
| 000 -LEADER | |
|---|---|
| fixed length control field | 00540nmm a22001817a 4500 |
| 005 - DATE AND TIME OF LATEST TRANSACTION | |
| control field | 20170209143248.0 |
| 008 - FIXED-LENGTH DATA ELEMENTS--GENERAL INFORMATION | |
| fixed length control field | 150727b xxu||||| |||| 00| 0 spa d |
| 041 ## - LANGUAGE CODE | |
| Language code of text/sound track or separate title | Español |
| 082 ## - DEWEY DECIMAL CLASSIFICATION NUMBER | |
| Classification number | SE 51 |
| 100 ## - MAIN ENTRY--AUTHOR NAME | |
| Personal name | Mora Méndez, Sofía |
| 245 ## - TITLE STATEMENT | |
| Title | Informe de Práctica Supervisada realizado en las Oficinas Centrales de la Mutual Cartago de Ahorro y Préstamo |
| 260 ## - PUBLICATION, DISTRIBUTION, ETC. (IMPRINT) | |
| Year of publication | 2014 |
| 650 ## - SUBJECT ADDED ENTRY--TOPICAL TERM | |
| Topical Term | COSTA RICA |
| 650 ## - SUBJECT ADDED ENTRY--TOPICAL TERM | |
| Topical Term | MERCADEO |
| 650 ## - SUBJECT ADDED ENTRY--TOPICAL TERM | |
| Topical Term | BASE DE DATOS |
| 650 ## - SUBJECT ADDED ENTRY--TOPICAL TERM | |
| Topical Term | TÉCNICAS SECRETARIALES |
| 942 ## - ADDED ENTRY ELEMENTS (KOHA) | |
| Tipo de ítem | Informe de Práctica |
| Withdrawn status | Estado | Estado físico | Not for loan | Total Checkouts | Clasificación | Número de inscripción | Date last seen | Price effective from | Tipo de ítem |
|---|---|---|---|---|---|---|---|---|---|
| SE 51 | SE51 | 15/02/2016 | 15/02/2016 | Informe de Práctica |